Improving wear resistance of truck treads (Record no. 60919)

MARC details
000 -LEADER
fixed length control field 00388nam a2200157Ia 4500
100 ## - MAIN ENTRY--AUTHOR NAME
Personal name Hong S W
245 #0 - TITLE STATEMENT
Title Improving wear resistance of truck treads
260 ## - PUBLICATION, DISTRIBUTION, ETC. (IMPRINT)
Name of publisher Rubber India
Year of publication 1997
300 ## - PHYSICAL DESCRIPTION
Number of Pages 15-Sep
650 ## - SUBJECT ADDED ENTRY--TOPICAL TERM
Topical Term Truck treads
650 ## - SUBJECT ADDED ENTRY--TOPICAL TERM
Topical Term Wear resistance
700 ## - ADDED ENTRY--PERSONAL NAME
Personal name Ferrandino M P
700 ## - ADDED ENTRY--PERSONAL NAME
Personal name Sanders J A
942 ## - ADDED ENTRY ELEMENTS (KOHA)
Koha item type Journals
Holdings
Withdrawn status Lost status Damaged status Not for loan Home library Current library Shelving location Date acquired Serial Enumeration / chronology Koha item type
      Journals RRII Library RRII Library Rubber chemistry 17/12/2021 Volume 49, Issue 12 Journals